000 00957nam a2200277 a 4500
001 10936
003 BD-RjUL
005 20211209165005.0
008 140125s2005 enkab b 001 0 eng d
020 _a1902916239
_c: IRs. 1695.00
020 _a9781902916231 (hbk.)
035 _a(BD-RjUL)10985
040 _aLHA
_cLHA
_dUMC
_dOCLCQ
_dUKM
_dBAKER
_dYDXCP
_dDLC
_dBD-RjUL
_beng
041 _aeng
082 0 4 _a621.47
_221
_bSOL 2005
245 0 0 _aSolar energy :
_bthe state of the art : ISES position papers /
_cedited by Jeffrey Gordon ; International Solar Energy Society
250 _a1st South Asian ed.
260 _aLondon :
_bJames & James,
_cc2005.
300 _axviii, 706 :
_bill. ;
_c24 cm.
504 _aIncludes bibliographical references and index.
650 0 _aSolar energy.
_933800
700 1 _aGordon, Jeffrey, ed.
_986
710 2 _aInternational Solar Energy Society, jt. ed.
_933126
942 _2ddc
_cBK
999 _c10936
_d10936